000 00524cam a2200217ua 4500
001 7773
005 20260515114244.0
008 141223n ii |||gr||||Z||||||ben
020 _a817215755X
040 _cMAIN
041 _aben
082 _a891.44
100 _aSen, S.,
_eAuthor.
245 1 _aBangala sahitye gadya
_cBy Sukumar Sen
250 _a1st.
260 _aCalcutta:
_bAnanda,
_c1998.
300 _a189p.
653 _aEast Indo-European & Celtic literatures
653 _aBengali literature
942 _cBK
999 _c6889
_d6889